000 00585nam a2200193Ia 4500
008 220204s9999 xx 000 0 und d
082 _a577.1:577.2
_bFOX
100 _aFOX, Brian W
245 0 _aTechniques of sample preparation for liquid scintillation counting. Pt 1.
260 _aAmsterdam
_bNorth-Holland
_c1976
490 _aLaboratory techniques in biochemistry and molecular biology 5
650 _aAnimal tissue
650 _aChromatography
650 _aCounting systems
650 _aGeophysics
650 _aMacromolecules
650 _aSpectrometry
942 _cBK
999 _c39358
_d39358